Dream Girl Evil Lyrics (Florence + the Machine) - Statistics

General Stats
  • This quiz has been taken 65 times
  • The average score is 232 of 259
Answer Stats
Answer % Correct
A
100%
did
100%
Did
100%
dream
100%
Dream
100%
(dream
100%
evil
100%
(evil)
100%
girl?
100%
girl
100%
girl)
100%
I
100%
in
100%
it
100%
It
100%
me?
100%
me
100%
you
100%
You
100%
you?
100%
your
100%
Am
97%
am
97%
Do
97%
Make
97%
make
97%
never
97%
on
97%
sad?
97%
an
94%
but
94%
But
94%
disappoint
94%
every
94%
know
94%
of
94%
that
94%
then
94%
when
94%
better
91%
deserve
91%
fantasy
91%
head
91%
just
91%
mad?
91%
mommy
91%
think
91%
to
91%
and
88%
bed
88%
could
88%
hold
88%
I'm
88%
like
88%
made
88%
come
84%
dead
84%
kiss
84%
miss
84%
out,
84%
out
84%
perfect
84%
remmind
84%
take
84%
cannot
81%
don't
81%
angel
78%
(cry)
78%
crying
78%
mother
78%
(mother)
78%
Well
78%
well,
78%
been
72%
instead
72%
I've
72%
nobody's
72%
baby
69%
bad
69%
Drag
69%
news,
69%
Oh,
69%
Watch
69%
water
69%
you'll
69%
at
66%
expecting
66%
Walk
66%
destroy
63%
projection
63%
sanctify
63%
deliver
59%
get
59%
least
59%
ready
47%
center
44%
(center)
44%
moral
44%
shimmer
44%
(shimmer)
44%
liked
25%
No matching quizzes found
Score Distribution
Percent of People with Each Score
Percentile by Number Answered
Your Score History
You have not taken this quiz